Normal view MARC view
  • Chekhov, Anton

Entry Personal Name

Number of records used in: 8

001 - CONTROL NUMBER

  • control field: 319

003 - CONTROL NUMBER IDENTIFIER

  • control field: NUST

005 - DATE AND TIME OF LATEST TRANSACTION

  • control field: 20170510163313.0

008 - FIXED-LENGTH DATA ELEMENTS

  • fixed length control field: 170510|| aca||aabn | a|a d

040 ## - CATALOGING SOURCE

  • Original cataloging agency: NUST
  • Transcribing agency: NUST

100 ## - HEADING--PERSONAL NAME

  • Personal name: Chekhov, Anton

670 ## - SOURCE DATA FOUND

  • Source citation: Work cat.: (NUST)23595: Chekhov, Anton, The cherry orchard /, c2007
© 2023 Central Library, National University of Sciences and Technology. All Rights Reserved.